Statistics for All WCW World War 3 Match Participants

Click here to take the quiz!

General Stats

  • This quiz has been taken 150 times
    (127 since last reset)
  • The average score is 60 of 135

Answer Stats

No. of MatchesLast AppearanceWrestler% Correct
31998Scott Hall
100%
21998Kevin Nash
99%
41998The Giant
96%
41998Chris Benoit
94%
41998Lex Luger
94%
21997Randy Savage
92%
21997Hulk Hogan
90%
11995Ric Flair
90%
11995Sting
90%
41998Booker T
89%
41998Eddie Guerrero
89%
31998Dean Malenko
87%
11998Horace Hogan
87%
21996Arn Anderson
86%
21998Chavo Guerrero Jr.
86%
31998Rey Misterio Jr.
86%
21997Rick Steiner
86%
21998Scott Steiner
86%
31998Chris Jericho
85%
31997Diamond Dallas Page
83%
41998Stevie Ray
82%
11998Perry Saturn
80%
31997Buff Bagwell
76%
11997Curt Hennig
75%
41998Disco Inferno
72%
21998Konnan
70%
31997Meng
70%
41998Alex Wright
69%
21996Kevin Sullivan
69%
21998Vincent
69%
31998Juventud Guerrera
68%
31998Steve McMichael
68%
11996Syxx
68%
11998Billy Kidman
66%
11998Psicosis
66%
11995Shark
66%
11995James Earl Wright
65%
11996Jeff Jarrett
65%
21998Chris Kanyon
63%
11995Dave Sullivan
63%
11997Mortis
63%
31997Big Bubba Rogers
62%
31998Scott Norton
62%
11995Brian Knobbs
61%
11995Brian Pillman
59%
11995Jerry Sags
58%
31998Scotty Riggs
58%
21998Chris Adams
56%
31997Lord Steven Regal
56%
11998The Disciple
56%
11995The Zodiac
56%
31997Hacksaw Jim Duggan
55%
21998Glacier
54%
21997The Barbarian
54%
21997Ultimo Dragon
52%
21998Ernest Miller
49%
11995Johnny B. Badd
49%
21998Kendall Windham
49%
31998La Parka
49%
31997Squire David Taylor
49%
11995Road Warrior Hawk
48%
11997Rocco Rock
48%
11998Lodi
46%
21998Norman Smiley
46%
21997Johnny Grunge
45%
31998Bobby Eaton
44%
11997Fit Finlay
42%
21998Wrath
42%
11998Hammer
41%
31997Hugh Morrus
41%
21998Sgt. Buddy Lee Parker
41%
11995The Yeti
41%
21996VK Wallstreet
38%
21996Bunkhouse Buck
37%
31998Ciclope
37%
11997Greg Valentine
35%
11998Lenny Lane
35%
11997Brad Armstrong
34%
11995Dick Slater
32%
11995Paul Orndorff
32%
11995Scott Armstrong
32%
11995Steve Armstrong
32%
11996Ice Train
31%
21996Mr. JL
31%
11995One Man Gang
30%
31998Renegade
30%
21998El Dandy
28%
21998Kenny Kaos
28%
21998Silver King
28%
21998Super Calo
28%
21996Sgt. Craig Pittman
27%
31998Prince Iaukea
25%
11996Robbie Rage
24%
11998Bobby Duncum Jr.
21%
21998Barry Darsow
20%
21998Damien
20%
21998Hector Garza
20%
11995Kensuke Sasaki
20%
21998Mike Enos
20%
21996Mark Starr
18%
11997Yuji Nagata
18%
11995Cobra
17%
11996Jacques Rougeau
17%
11995Ricky Santana
17%
11998Barry Horowitz
15%
11996Jack Boot
15%
11995Joey Maggs
15%
11995Max Muscle
15%
11996Roadblock
15%
21997Villano IV
15%
21998Villano V
15%
21996Pez Whatley
14%
11996Carl Ouellet
13%
21998Lizmark Jr.
13%
11995Bobby Walker
11%
11996Joe Gomez
11%
11997John Nord
11%
11998Johnny Swinger
11%
11997Louie Spicolli
11%
11998Tokyo Magnum
11%
11996Jim Powers
10%
11998Kaz Hayashi
10%
11995Kurasawa
10%
11996Ron Studd
10%
11995Big Train Bart
8%
21998Bobby Blaze
8%
11995Fidel Sierra
8%
11998Chip Minton
7%
11996Tony Rumble
7%
11996Galaxy
6%
11995Mike Winner
6%
11998Scott Putski
6%
11996Jimmy Grafitti
4%
11995Super Assassin #1
4%
11995Super Assassin #2
4%

Score Distribution

Percentile by Number Answered

Percent of People with Each Score

Your Score History

You have not taken this quiz since the last reset